|
|
|
|
| LEADER |
00000nam0a2200000 4500 |
| 001 |
145215 |
| 005 |
20231101221137.0 |
| 035 |
|
|
|a (RuTPU)RU\TPU\book\157413
|
| 090 |
|
|
|a 145215
|
| 100 |
|
|
|a 20081015d1987 m y0rusy50 ca
|
| 101 |
0 |
|
|a rus
|
| 102 |
|
|
|a RU
|
| 105 |
|
|
|a a g 001zy
|
| 200 |
1 |
|
|a Экстракция нейтральными органическими соединениями
|a Актиноиды
|e справочники
|f З. И. Николотова
|
| 210 |
|
|
|a Москва
|c Энергоатомиздат
|d 1987
|
| 215 |
|
|
|a 280 с.
|c ил.
|
| 320 |
|
|
|a Библиогр.: с. 256-264.
|
| 606 |
1 |
|
|a Актиниды
|x Химия
|2 stltpush
|3 (RuTPU)RU\TPU\subj\75262
|9 87108
|
| 606 |
1 |
|
|a Экстракция
|x (химия)
|2 stltpush
|3 (RuTPU)RU\TPU\subj\72786
|9 86180
|
| 610 |
1 |
|
|a органическая химия
|
| 610 |
1 |
|
|a органические соединения
|
| 610 |
1 |
|
|a актиноиды
|
| 610 |
1 |
|
|a справочники
|
| 610 |
1 |
|
|a физико-химические свойства
|
| 610 |
1 |
|
|a кислоты
|
| 610 |
1 |
|
|a уран
|
| 610 |
1 |
|
|a трансурановые элементы
|
| 675 |
|
|
|a 546.790(035)
|v 3
|
| 675 |
|
|
|a 542.61(035)
|v 3
|
| 700 |
|
1 |
|a Николотова
|b З. И.
|g Зинаида Ивановна
|
| 801 |
|
1 |
|a RU
|b 63413507
|c 20081015
|g PSBO
|
| 801 |
|
2 |
|a RU
|b 63413507
|c 20160329
|g PSBO
|
| 942 |
|
|
|c BK
|